| 000 | 00501nam a2200181Ia 4500 | ||
|---|---|---|---|
| 999 |
_c29423 _d29423 |
||
| 003 | OSt | ||
| 005 | 20201209133553.0 | ||
| 008 | 190216s9999||||xx |||||||||||||| ||und|| | ||
| 020 | _a9788122604634 | ||
| 040 | _coclc | ||
| 082 |
_a894.8124 _bBAL/P |
||
| 100 |
_aBalan, C K _97063 |
||
| 245 | 0 |
_aPanamanu Prasnamengil / _cC K Balan |
|
| 260 |
_bCurrent Books, _aThrissur: _c2005. |
||
| 300 | _a75p | ||
| 650 | _aLekhanam | ||
| 942 |
_cBK _2ddc _h894.8124 _iBAL/P _k894.8124 _mBAL/P |
||